[Event "23rd 4NCL Congress"]
[Site "South Normanton"]
[Date "2019.10.04"]
[Round "1.1"]
[White "Clarke, Brandon Gi"]
[Black "Mason, Donald J"]
[Result "1-0"]
[WhiteElo "2445"]
[BlackElo "2070"]
[PlyCount "113"]
[EventDate "2019.10.04"]

1. e4 e5 2. Nf3 Nc6 3. Bb5 a6 4. Ba4 Nf6 5. O-O Nxe4 6. d4 b5 7. Bb3 d5 8. dxe5
Be6 9. Nbd2 Be7 10. c3 O-O 11. Re1 Nc5 12. Bc2 d4 13. Nb3 d3 14. Bb1 Nxb3 15.
axb3 Bf5 16. b4 Qd7 17. h3 Rfd8 18. g4 Bg6 19. Bf4 a5 20. bxa5 Nxa5 21. e6 fxe6
22. Ne5 Qd5 23. Nxg6 hxg6 24. Bxc7 Nc4 25. Rxa8 Rxa8 26. Qxd3 Qxd3 27. Bxd3 Kf7
28. Re2 Ra2 29. b3 Rxe2 30. Bxe2 Nd2 31. Bxb5 Nxb3 32. f4 Bf6 33. c4 Bd4+ 34.
Kg2 Nc5 35. Kf3 Ke7 36. Bc6 Kf7 37. Be4 Nb3 38. Bd3 Nc5 39. Bc2 Kf6 40. Be5+
Bxe5 41. g5+ Ke7 42. fxe5 Nd7 43. Ke4 Kd8 44. Kd4 Nf8 45. Kc5 Kc7 46. Ba4 Nh7
47. h4 Nf8 48. Kb4 Kb6 49. c5+ Ka6 50. Be8 Kb7 51. Ka5 Kc7 52. Ka6 Nh7 53. Kb5
Nf8 54. c6 Kd8 55. Kb6 Kxe8 56. c7 Nd7+ 57. Ka7 1-0

[Event "23rd 4NCL Congress"]
[Site "South Normanton"]
[Date "2019.10.04"]
[Round "1.2"]
[White "Agnew, Alan"]
[Black "Arkell, Keith C"]
[Result "0-1"]
[WhiteElo "2052"]
[BlackElo "2442"]
[PlyCount "72"]
[EventDate "2019.10.04"]

1. d4 Nf6 2. c4 e6 3. Nc3 Bb4 4. e3 O-O 5. Bd3 c5 6. Nf3 Nc6 7. O-O Bxc3 8.
bxc3 d6 9. e4 e5 10. d5 Ne7 11. Nh4 h6 12. f4 Ng6 13. Nxg6 fxg6 14. fxe5 dxe5
15. Be3 Qd6 16. Qc2 Bd7 17. Be2 g5 18. Rab1 b6 19. Rf2 Be8 20. Rbf1 Bg6 21. Bd3
Qd7 22. h3 Kh8 23. Kh2 Qf7 24. a4 a5 25. Qb1 Rab8 26. Rb2 Qc7 27. g3 Be8 28.
Qc2 Bd7 29. Kg2 Qc8 30. Rh1 Qe8 31. Qb1 Qh5 32. Be2 Qg6 33. Bd3 g4 34. h4 Nh5
35. Bxc5 Rf3 36. Bf2 Rbf8 0-1

[Event "23rd 4NCL Congress"]
[Site "South Normanton"]
[Date "2019.10.04"]
[Round "1.4"]
[White "Ireland, David J"]
[Black "Sowray, Peter J"]
[Result "1/2-1/2"]
[WhiteElo "1960"]
[BlackElo "2361"]
[PlyCount "99"]
[EventDate "2019.10.04"]

1. d4 d5 2. c4 e6 3. Nc3 Nf6 4. Bg5 Be7 5. e3 Nbd7 6. Nf3 h6 7. Bh4 O-O 8. Rc1
c5 9. cxd5 Nxd5 10. Bxe7 Nxe7 11. Bd3 cxd4 12. exd4 Nf6 13. O-O Bd7 14. Qe2 Bc6
15. Rfd1 Ned5 16. Bb1 Nf4 17. Qe3 Qd6 18. Ne4 Bxe4 19. Bxe4 N4d5 20. Qe2 Nxe4
21. Qxe4 Rac8 22. g3 Qa6 23. a3 Qb5 24. Qb1 Nf6 25. Rc3 Qd5 26. Rdc1 Rxc3 27.
Rxc3 Qb5 28. Qc2 Qd5 29. Qe2 Rd8 30. Qe5 Kh7 31. h3 Qa2 32. Rc7 Qb1+ 33. Kg2
Rd5 34. Qe2 Rd7 35. Rc2 Qa2 36. Qd3+ g6 37. Qe2 Kg7 38. Qc4 Qb1 39. Qe2 b5 40.
Ne5 Rb7 41. Qf3 Nd5 42. Qe2 b4 43. axb4 Rxb4 44. Ng4 Rxd4 45. Qe5+ Kh7 46. Nf6+
Nxf6 47. Qxf6 Qxc2 48. Qxf7+ Kh8 49. Qf8+ Kh7 50. Qf7+ 1/2-1/2

[Event "23rd 4NCL Congress"]
[Site "South Normanton"]
[Date "2019.10.04"]
[Round "1.5"]
[White "Willow, Jonah B"]
[Black "De Coverly, Roger D"]
[Result "1-0"]
[WhiteElo "2327"]
[BlackElo "1958"]
[PlyCount "95"]
[EventDate "2019.10.04"]

1. e4 e5 2. Nf3 Nc6 3. Nc3 Nf6 4. Bb5 Bb4 5. O-O d6 6. d3 O-O 7. Ne2 Ne7 8. c3
Ba5 9. Ng3 c6 10. Ba4 Bc7 11. Bg5 Ng6 12. Nh5 Bg4 13. Nxf6+ gxf6 14. Bh6 Re8
15. h3 Be6 16. Nd2 d5 17. Qf3 Bd6 18. exd5 Bxd5 19. Ne4 Bxe4 20. dxe4 Bf8 21.
Be3 Bg7 22. g3 Qc8 23. Kg2 b5 24. Bb3 c5 25. Bd5 Rb8 26. b4 Ne7 27. Bxc5 Nxd5
28. exd5 Qd7 29. Rad1 f5 30. Rfe1 e4 31. Qe3 a6 32. d6 Re6 33. Rd5 Bh6 34. Qe2
Rg6 35. Qh5 Qc6 36. Qxf5 e3 37. Qf3 exf2 38. Red1 Rd8 39. Rf5 Qd7 40. Qxf2 Bf8
41. Rf6 Rxf6 42. Qxf6 Bg7 43. Qf3 Qe6 44. Rd2 Bf8 45. Qg4+ Qxg4 46. hxg4 Bg7
47. d7 Bxc3 48. Rd3 1-0

[Event "23rd 4NCL Congress"]
[Site "South Normanton"]
[Date "2019.10.04"]
[Round "1.6"]
[White "Taylor, Robert K"]
[Black "Bin-Suhayl, Ieysaa"]
[Result "0-1"]
[WhiteElo "1958"]
[BlackElo "2208"]
[PlyCount "60"]
[EventDate "2019.10.04"]

1. e4 e6 2. d4 d5 3. Nc3 Nf6 4. Bg5 Be7 5. Bxf6 Bxf6 6. Nf3 a6 7. Be2 c5 8. e5
Be7 9. O-O Nc6 10. dxc5 Bxc5 11. Qe1 O-O 12. a3 Bd7 13. Kh1 Qc7 14. Bd3 f6 15.
exf6 Rxf6 16. Ng5 h6 17. Nh3 Bd6 18. Rd1 Raf8 19. Ng1 Ne7 20. Nce2 e5 21. Ng3
e4 22. Be2 Qxc2 23. Rd2 Qc7 24. Qd1 Bc6 25. Bg4 Bxg3 26. hxg3 e3 27. Rd4 Rxf2
28. Be6+ Kh8 29. Rxf2 exf2 30. Nf3 Bb5 0-1

[Event "23rd 4NCL Congress"]
[Site "South Normanton"]
[Date "2019.10.04"]
[Round "1.7"]
[White "Stepanyan, Henrik"]
[Black "Metcalfe, Charlie P"]
[Result "1-0"]
[WhiteElo "2207"]
[BlackElo "1934"]
[PlyCount "71"]
[EventDate "2019.10.04"]

1. d4 d5 2. Nf3 Nf6 3. c4 dxc4 4. e3 e6 5. Bxc4 a6 6. O-O b5 7. Bd3 Bb7 8. a4
b4 9. Nbd2 c5 10. Nb3 Nbd7 11. Qe2 Qc7 12. dxc5 Nxc5 13. Nxc5 Bxc5 14. e4 O-O
15. Bg5 Ng4 16. Rac1 h6 17. Bh4 Ne5 18. Nxe5 Qxe5 19. Bg3 Qg5 20. Kh1 Qe7 21.
e5 Rac8 22. Bxa6 Bxa6 23. Qxa6 Rc7 24. Rc4 Qd7 25. Rfc1 Ra7 26. Qb5 Qxb5 27.
axb5 Be7 28. b6 Rb7 29. Rc7 Rfb8 30. Rxb7 Rxb7 31. Rc7 Rxb6 32. Rxe7 Ra6 33. h3
Ra2 34. b3 g5 35. Rb7 h5 36. h4 1-0

[Event "23rd 4NCL Congress"]
[Site "South Normanton"]
[Date "2019.10.04"]
[Round "1.8"]
[White "Davis, Lee"]
[Black "Merriman, John"]
[Result "1/2-1/2"]
[WhiteElo "1922"]
[BlackElo "2201"]
[PlyCount "63"]
[EventDate "2019.10.04"]

1. d4 e6 2. c4 Nf6 3. Nf3 d5 4. g3 Bb4+ 5. Bd2 Be7 6. Bg2 O-O 7. O-O c6 8. Qc2
b6 9. Bf4 Ba6 10. Nbd2 Nbd7 11. Rfe1 Nh5 12. e4 Nxf4 13. gxf4 Nf6 14. Ne5 Bb7
15. exd5 cxd5 16. c5 bxc5 17. dxc5 Qa5 18. b4 Qc7 19. Qd3 Nh5 20. Qf3 g6 21.
Rac1 Ba6 22. a4 f6 23. Ng4 Nxf4 24. b5 Nxg2 25. Kxg2 Bc8 26. Nb3 h5 27. Ne3 Kg7
28. b6 Qd8 29. a5 axb6 30. axb6 Ra4 31. c6 Qd6 32. Nxd5 {Scoresheet illegible}
1/2-1/2

[Event "23rd 4NCL Congress"]
[Site "South Normanton"]
[Date "2019.10.04"]
[Round "1.9"]
[White "Munshi, Aditya"]
[Black "Merriman, James"]
[Result "1-0"]
[WhiteElo "2183"]
[BlackElo "1910"]
[PlyCount "107"]
[EventDate "2019.10.04"]

1. e4 e6 2. d4 d5 3. Nd2 Be7 4. Ngf3 Nf6 5. e5 Nfd7 6. Bd3 c5 7. c3 Nc6 8. O-O
a5 9. a4 Qb6 10. dxc5 Qc7 11. Bb5 Ndxe5 12. Nxe5 Qxe5 13. Nf3 Qc7 14. b4 Bf6
15. Nd4 O-O 16. Bxc6 bxc6 17. b5 Bb7 18. Ba3 Rfd8 19. Rb1 Rac8 20. Qe2 Qf4 21.
Rfd1 e5 22. g3 Qg5 23. bxc6 Ba8 24. Nb3 Bxc6 25. Nxa5 Bxa4 26. Rdc1 d4 27. cxd4
exd4 28. Qc4 Bd7 29. Nb7 Be6 30. Qb4 Qd5 31. Nxd8 Bh3 32. Qb7 Qxd8 33. c6 d3
34. c7 Qd7 35. Qxc8+ Qxc8 36. Rb8 d2 37. Rd1 Bc3 38. Rxc8+ Bxc8 39. Bb2 Bb4 40.
Be5 g5 41. f4 Bc5+ 42. Kg2 Bb7+ 43. Kh3 g4+ 44. Kxg4 h5+ 45. Kg5 Bb4 46. f5 Kh7
47. f6 Bf8 48. Bf4 Bc8 49. Rxd2 Bg4 50. Rd8 Bh6+ 51. Kh4 Kg6 52. Bxh6 Kh7 53.
Kg5 h4 54. Bg7 1-0

[Event "23rd 4NCL Congress"]
[Site "South Normanton"]
[Date "2019.10.04"]
[Round "1.10"]
[White "Cast, Julian"]
[Black "Verma, Aditya"]
[Result "1/2-1/2"]
[WhiteElo "1908"]
[BlackElo "2172"]
[PlyCount "83"]
[EventDate "2019.10.04"]

1. e4 c5 2. Nf3 d6 3. d3 g6 4. g3 Bg7 5. Bg2 Nc6 6. O-O Nf6 7. Re1 O-O 8. c3 h6
9. Nbd2 Re8 10. Nc4 Be6 11. e5 Nh5 12. exd6 exd6 13. Ne3 d5 14. d4 cxd4 15.
Nxd4 Nxd4 16. cxd4 Qd7 17. Qd3 Nf6 18. Bd2 Rac8 19. Rac1 a6 20. b3 Bh3 21. Bxh3
Qxh3 22. Qf1 Qd7 23. Qd3 Rxc1 24. Rxc1 Ne4 25. Bb4 Ng5 26. h4 Ne6 27. Bc3 h5
28. Rd1 Rc8 29. Bb2 Rc6 30. Kg2 Bf6 31. Kg1 Nc7 32. Qe2 Bg7 33. Qf3 Rf6 34. Qe2
Re6 35. Qf3 Re4 36. Rd3 Qe6 37. Qd1 f5 38. Ng2 Bh6 39. f4 Bg7 40. Kf1 Qb6 41.
Ne1 Ne6 42. Nf3 1/2-1/2

[Event "23rd 4NCL Congress"]
[Site "South Normanton"]
[Date "2019.10.04"]
[Round "1.11"]
[White "Barnes, Michael H"]
[Black "Dopychai, Reent"]
[Result "1-0"]
[WhiteElo "2164"]
[BlackElo "1908"]
[PlyCount "77"]
[EventDate "2019.10.04"]

1. d4 d6 2. e4 e5 3. Nf3 Nc6 4. Bb5 Bd7 5. d5 Nce7 6. Bxd7+ Qxd7 7. c4 Qg4 8.
O-O Qxe4 9. Qa4+ c6 10. Nc3 Qg4 11. dxc6 Nxc6 12. Nd5 Rc8 13. Be3 Qd7 14. Rad1
b6 15. Bxb6 axb6 16. Nxb6 Qa7 17. Qxa7 Nxa7 18. Nxc8 Nxc8 19. a4 f6 20. b4 Nb6
21. a5 Nxc4 22. Rc1 d5 23. Rxc4 dxc4 24. a6 Bc5 25. bxc5 Kd7 26. Rd1+ Kc7 27.
Rd8 c3 28. Ne1 Kxd8 29. a7 Ne7 30. a8=Q+ Nc8 31. Qa5+ Kd7 32. Qxc3 Kc6 33. Nd3
Rd8 34. Qc4 Rd4 35. Qa6+ Kc7 36. f3 Rd7 37. c6 Rd6 38. Qb7+ Kd8 39. Nc5 1-0

[Event "23rd 4NCL Congress"]
[Site "South Normanton"]
[Date "2019.10.04"]
[Round "1.12"]
[White "Leah, Tom"]
[Black "Okhai, Shabir"]
[Result "1/2-1/2"]
[WhiteElo "1841"]
[BlackElo "2159"]
[PlyCount "110"]
[EventDate "2019.10.04"]

1. Nf3 d5 2. c4 e6 3. g3 Nf6 4. Bg2 Be7 5. O-O O-O 6. b3 c5 7. Bb2 Nc6 8. e3 b6
9. Nc3 Bb7 10. cxd5 Nxd5 11. Nxd5 Qxd5 12. d4 Nb4 13. a3 Na6 14. Ne1 Qd7 15.
Bxb7 Qxb7 16. dxc5 Bxc5 17. Qg4 f5 18. Qc4 Nc7 19. Nd3 Bd6 20. Nf4 Bxf4 21.
exf4 Nd5 22. Rfe1 Rac8 23. Qd4 Rfe8 24. Re2 Nf6 25. Rae1 Kf7 26. h3 Qd5 27. Qa4
Qd7 28. Qb4 Ne4 29. Qd4 Qxd4 30. Bxd4 Red8 31. Be5 Nc5 32. Re3 Nd3 33. Rd1 Nxe5
34. Rxd8 Rxd8 35. fxe5 g5 36. Kg2 Kg6 37. f4 g4 38. h4 Rd2+ 39. Kf1 Rb2 40. Rd3
h5 41. Ke1 Kf7 42. Kd1 Ke7 43. Kc1 Rg2 44. Kd1 Rf2 45. Ke1 Ra2 46. a4 Rg2 47.
Kf1 Rb2 48. Ke1 Rh2 49. Kf1 Ra2 50. Ke1 Rc2 51. Kf1 Rb2 52. Ke1 Rg2 53. Kf1 Rb2
54. Ke1 Rc2 55. Kf1 Rb2 1/2-1/2

[Event "23rd 4NCL Congress"]
[Site "South Normanton"]
[Date "2019.10.04"]
[Round "1.13"]
[White "Moore, Gerald"]
[Black "Simpson, Derek"]
[Result "1-0"]
[WhiteElo "2089"]
[BlackElo "1638"]
[PlyCount "67"]
[EventDate "2019.10.04"]

1. Nf3 Nf6 2. c4 d5 3. cxd5 Nxd5 4. d4 e6 5. e4 Nb6 6. Be2 Bb4+ 7. Bd2 Bxd2+ 8.
Qxd2 N8d7 9. Nc3 Nf6 10. O-O O-O 11. Rfd1 c6 12. Rac1 Qe7 13. Bd3 h6 14. a3 Rd8
15. e5 Nfd5 16. Ne4 Bd7 17. Bb1 Be8 18. Re1 Nd7 19. g3 Nf8 20. h4 Nd7 21. Nh2
N5b6 22. Ng4 Qf8 23. Qc2 Nd5 24. h5 Rab8 25. Nef6+ N7xf6 26. Nxf6+ Nxf6 27.
exf6 g6 28. hxg6 fxg6 29. Ba2 Kh7 30. Rxe6 Rd7 31. Rce1 Kh8 32. Qe4 Bf7 33. Re7
Rxe7 34. fxe7 1-0

[Event "23rd 4NCL Congress"]
[Site "South Normanton"]
[Date "2019.10.04"]
[Round "1.14"]
[White "Ross, Stuart"]
[Black "Makkar, Rajat"]
[Result "0-1"]
[WhiteElo "1636"]
[BlackElo "2071"]
[PlyCount "99"]
[EventDate "2019.10.04"]

1. e4 e5 2. Nf3 Nc6 3. Bb5 a6 4. Ba4 Nf6 5. O-O Be7 6. Re1 b5 7. Bb3 d6 8. c3
O-O 9. h3 Nb8 10. d4 Nbd7 11. Nbd2 Bb7 12. Bc2 Re8 13. Nf1 Bf8 14. Ng3 g6 15.
b3 Bg7 16. Bb2 c6 17. Qd2 Qc7 18. Rad1 Rad8 19. Qc1 a5 20. Bb1 a4 21. dxe5 dxe5
22. c4 b4 23. Qe3 Ra8 24. a3 c5 25. bxa4 Nb6 26. Qb3 Rxa4 27. Bc2 Ba6 28. Nd2
bxa3 29. Bxa3 Ra8 30. Qc3 Rxa3 31. Qxa3 Bxc4 32. Qc3 Be6 33. Ra1 Rd8 34. Ra5
Bf8 35. Rea1 c4 36. Ra7 Qc6 37. Nf3 Nfd7 38. Ng5 Bc5 39. Nxe6 Qxe6 40. Qf3 Nb8
41. Rd1 Rxd1+ 42. Qxd1 Nc6 43. Ra1 Qf6 44. Qe2 Qf4 45. Rd1 Qxg3 46. Rf1 Nd4 47.
Qd1 Ne6 48. Qg4 Qxg4 49. hxg4 Nd4 50. Rb1 0-1

[Event "23rd 4NCL Congress"]
[Site "South Normanton"]
[Date "2019.10.05"]
[Round "2.1"]
[White "Stepanyan, Henrik"]
[Black "Clarke, Brandon Gi"]
[Result "1/2-1/2"]
[WhiteElo "2207"]
[BlackElo "2445"]
[PlyCount "28"]
[EventDate "2019.10.04"]

1. d4 Nf6 2. c4 g6 3. Nc3 Bg7 4. e4 d6 5. Be2 O-O 6. Be3 c5 7. e5 Nfd7 8. exd6
exd6 9. Nf3 Nc6 10. O-O Re8 11. Nb5 cxd4 12. Nfxd4 Nxd4 13. Bxd4 Bxd4 14. Nxd4
a6 1/2-1/2

[Event "23rd 4NCL Congress"]
[Site "South Normanton"]
[Date "2019.10.05"]
[Round "2.3"]
[White "Makkar, Rajat"]
[Black "Hebden, Mark L"]
[Result "0-1"]
[WhiteElo "2071"]
[BlackElo "2427"]
[PlyCount "74"]
[EventDate "2019.10.04"]

1. d4 Nf6 2. c4 g6 3. g3 c5 4. d5 b5 5. Bg2 d6 6. e4 Nbd7 7. f4 Bg7 8. Qe2 O-O
9. Nf3 bxc4 10. O-O Nb6 11. Nc3 Rb8 12. a4 Ne8 13. Nb5 Qd7 14. Qc2 Ba6 15. Nc3
Nc7 16. Be3 Bc8 17. a5 Nba8 18. Nd2 Nb5 19. Rfb1 Nd4 20. Qd1 Ba6 21. Bf1 Nb3
22. Ra3 Nxd2 23. Bxd2 Nc7 24. Ra4 Bd4+ 25. Kg2 e6 26. Bxc4 Bxc4 27. Rxc4 exd5
28. exd5 Qf5 29. g4 Qd3 30. b3 Rfe8 31. Be1 Qe3 32. Qd2 Qg1+ 33. Kh3 Qf1+ 34.
Kh4 Rxe1 35. Rxe1 Bf2+ 36. Kg5 Kg7 37. Rxf1 h6# 0-1

[Event "23rd 4NCL Congress"]
[Site "South Normanton"]
[Date "2019.10.05"]
[Round "2.4"]
[White "Vieira, Jose Pedro"]
[Black "Willow, Jonah B"]
[Result "0-1"]
[WhiteElo "1463"]
[BlackElo "2327"]
[PlyCount "96"]
[EventDate "2019.10.04"]

1. e4 c5 2. Nc3 Nc6 3. g3 g6 4. Bg2 Bg7 5. d3 e6 6. f4 d6 7. Nf3 Nge7 8. O-O
O-O 9. Be3 Nd4 10. e5 Nef5 11. Bf2 Nxf3+ 12. Qxf3 Nd4 13. Qd1 dxe5 14. fxe5
Bxe5 15. Ne4 f5 16. Nxc5 Qe7 17. b4 Bf6 18. Rc1 Rb8 19. c3 Nb5 20. Qb3 Qf7 21.
d4 b6 22. Nd3 Bb7 23. Nf4 Bxg2 24. Kxg2 Rfe8 25. Rfe1 e5 26. Qxf7+ Kxf7 27.
dxe5 Bxe5 28. c4 Nd6 29. Nd3 Bf6 30. c5 bxc5 31. bxc5 Ne4 32. c6 Rec8 33. Rc4
Rb5 34. a4 Rd5 35. Nf4 Rd2 36. Re2 Rxe2 37. Nxe2 Nxf2 38. Kxf2 Ke6 39. Rb4 Rxc6
40. Rb7 Ra6 41. Rxh7 g5 42. Rc7 Rxa4 43. Rc6+ Kf7 44. Nc3 Bxc3 45. Rxc3 Ra2+
46. Kf3 Rxh2 47. Rc7+ Kg6 48. Rxa7 g4+ 0-1

[Event "23rd 4NCL Congress"]
[Site "South Normanton"]
[Date "2019.10.05"]
[Round "2.5"]
[White "Bin-Suhayl, Ieysaa"]
[Black "Barnes, Michael H"]
[Result "1/2-1/2"]
[WhiteElo "2208"]
[BlackElo "2164"]
[PlyCount "61"]
[EventDate "2019.10.04"]

1. d4 d5 2. c4 c6 3. Nf3 e6 4. e3 f5 5. Nc3 Nf6 6. Bd3 Bd6 7. Rb1 a5 8. a3 dxc4
9. Bxc4 b5 10. Bd3 b4 11. Na4 Ba6 12. O-O O-O 13. axb4 axb4 14. b3 Qa5 15. Bb2
Nbd7 16. Rc1 Rac8 17. Bxa6 Qxa6 18. Rc4 Ne4 19. Qc2 Rc7 20. Rc1 Rfc8 21. Nd2
Nxd2 22. Qxd2 Nb6 23. Nxb6 Qxb6 24. e4 Qb5 25. exf5 exf5 26. Qe2 Qd5 27. Rd1
Re7 28. Qc2 Qe6 29. Kf1 Qd5 30. Rc1 Rec7 31. h3 1/2-1/2

[Event "23rd 4NCL Congress"]
[Site "South Normanton"]
[Date "2019.10.05"]
[Round "2.6"]
[White "Sowray, Peter J"]
[Black "Moore, Gerald"]
[Result "1-0"]
[WhiteElo "2361"]
[BlackElo "2089"]
[PlyCount "41"]
[EventDate "2019.10.04"]

1. d4 Nf6 2. c4 g6 3. Nc3 d5 4. Nf3 Bg7 5. Qb3 dxc4 6. Qxc4 O-O 7. e4 c6 8. Be2
b5 9. Qb3 Qa5 10. e5 Ne4 11. O-O Be6 12. Qc2 Nxc3 13. bxc3 Nd7 14. Bd3 Nb6 15.
Re1 Bd5 16. Ng5 e6 17. Re3 Qa4 18. Qe2 Bc4 19. Rh3 Bxd3 20. Qxd3 Qc4 21. Qf3
1-0

[Event "23rd 4NCL Congress"]
[Site "South Normanton"]
[Date "2019.10.05"]
[Round "2.7"]
[White "Merriman, John"]
[Black "Gardiner, Eric D"]
[Result "1-0"]
[WhiteElo "2201"]
[BlackElo "1960"]
[PlyCount "95"]
[EventDate "2019.10.04"]

1. b3 e5 2. Bb2 Nc6 3. e3 Nf6 4. Bb5 Bd6 5. Na3 a6 6. Be2 Qe7 7. Nc4 Bc5 8. d4
exd4 9. exd4 Bb4+ 10. c3 d5 11. Ne3 Bd6 12. Nf3 O-O 13. O-O Be6 14. Bd3 Qd7 15.
c4 Bf4 16. Re1 Rfe8 17. Ne5 Nxe5 18. dxe5 Ng4 19. Nxg4 Bxg4 20. Qc2 d4 21. f3
Be6 22. Bxh7+ Kh8 23. Rad1 c5 24. g3 Bh6 25. Be4 Rab8 26. Bc1 Bxc1 27. Qxc1 Bf5
28. Qf4 Bxe4 29. Rxe4 Re6 30. Qf5 Rd8 31. Rh4+ Kg8 32. Qh7+ Kf8 33. Qh8+ Ke7
34. Qxg7 Rg6 35. Qxg6 fxg6 36. Rh7+ Ke6 37. Rxd7 Rxd7 38. f4 g5 39. fxg5 Kxe5
40. Kg2 Ke4 41. h4 Ke3 42. g6 d3 43. h5 Rg7 44. Rh1 d2 45. h6 Rxg6 46. h7 Rh6
47. Rxh6 d1=Q 48. Re6+ 1-0

[Event "23rd 4NCL Congress"]
[Site "South Normanton"]
[Date "2019.10.05"]
[Round "2.8"]
[White "Verma, Aditya"]
[Black "Ireland, David J"]
[Result "1-0"]
[WhiteElo "2172"]
[BlackElo "1960"]
[PlyCount "105"]
[EventDate "2019.10.04"]

1. e4 e5 2. Nf3 Nf6 3. Nxe5 Nxe4 4. d4 d6 5. Nf3 d5 6. Bd3 Bd6 7. h3 O-O 8. O-O
Bf5 9. Nc3 c6 10. Ne2 Nd7 11. Bf4 Qc7 12. Bxd6 Qxd6 13. Re1 h6 14. c3 Rae8 15.
Qc2 Bh7 16. Rad1 f5 17. b3 g5 18. Nh2 Qf6 19. c4 Rf7 20. Nc3 Ref8 21. Ne2 h5
22. c5 h4 23. Nf1 g4 24. Nf4 g3 25. fxg3 Qxd4+ 26. Re3 Qxc5 27. Qxc5 Ndxc5 28.
gxh4 Rg7 29. Ng3 Re8 30. b4 Ne6 31. Ngh5 Kf7 32. Rf1 b6 33. Kh2 Bg6 34. g4 Bxh5
35. Nxh5 Kg6 36. Rxf5 Nd4 37. Rf6+ Kh7 38. g5 c5 39. bxc5 bxc5 40. Bxe4+ dxe4
41. Rh6+ Kg8 42. Nf6+ Kf7 43. Nxe8 Kxe8 44. Ra6 Re7 45. Rf6 Nc2 46. Rc3 e3 47.
Rxc2 e2 48. Rc1 e1=Q 49. Rxe1 Rxe1 50. Ra6 Re7 51. h5 Rc7 52. Ra3 c4 53. Re3+ {
scoresheet unreadable} 1-0

[Event "23rd 4NCL Congress"]
[Site "South Normanton"]
[Date "2019.10.05"]
[Round "2.9"]
[White "Okhai, Shabir"]
[Black "Webster, Richard J"]
[Result "0-1"]
[WhiteElo "2159"]
[BlackElo "1948"]
[PlyCount "70"]
[EventDate "2019.10.04"]

1. e4 e5 2. Nf3 Nc6 3. Bc4 Nf6 4. d3 Bc5 5. c3 O-O 6. O-O d5 7. exd5 Nxd5 8.
Nbd2 Nb6 9. Bb5 f6 10. Ne4 Bd6 11. a4 a6 12. Bxc6 bxc6 13. c4 c5 14. a5 Nd7 15.
Nfd2 f5 16. Nxd6 cxd6 17. Qf3 Rb8 18. Qe2 Re8 19. Re1 Bb7 20. Nf1 f4 21. f3 Nf8
22. Bd2 Re6 23. Rab1 Rg6 24. Bc3 Ne6 25. Nd2 Qh4 26. b4 Rh6 27. Nf1 Rg6 28.
bxc5 Nxc5 29. Rb6 Rf8 30. d4 e4 31. Qf2 Qxf2+ 32. Kxf2 Nd3+ 33. Ke2 Rxg2+ 34.
Kd1 e3 35. Rxd6 Bxf3+ 0-1

[Event "23rd 4NCL Congress"]
[Site "South Normanton"]
[Date "2019.10.05"]
[Round "2.10"]
[White "Burrows, Martin P"]
[Black "Davis, Lee"]
[Result "1-0"]
[WhiteElo "2153"]
[BlackElo "1922"]
[PlyCount "49"]
[EventDate "2019.10.04"]

1. e4 g6 2. d4 d6 3. Nc3 Bg7 4. Be3 Nf6 5. Qd2 O-O 6. O-O-O c6 7. f3 b5 8. g4
Bb7 9. h4 h5 10. gxh5 Nxh5 11. Nh3 Nd7 12. Rg1 Nb6 13. Nf4 Nxf4 14. Bxf4 e5 15.
dxe5 dxe5 16. Qf2 Qc8 17. Be3 b4 18. Nb1 Na4 19. Bc4 Ba6 20. Bb3 Nb6 21. Bxb6
axb6 22. Rxg6 c5 23. Rdg1 c4 24. Rxg7+ Kh8 25. R7g5 1-0

[Event "23rd 4NCL Congress"]
[Site "South Normanton"]
[Date "2019.10.05"]
[Round "2.11"]
[White "Modi, Shyam Jagdish"]
[Black "Cast, Julian"]
[Result "1-0"]
[WhiteElo "2142"]
[BlackElo "1908"]
[PlyCount "83"]
[EventDate "2019.10.04"]

1. d4 e6 2. c4 Nf6 3. g3 d5 4. Nf3 Bb4+ 5. Bd2 Qe7 6. Bg2 O-O 7. O-O Bxd2 8.
Nbxd2 Nc6 9. Rc1 Rd8 10. Qc2 Nb4 11. Qb1 a5 12. Rfd1 Na6 13. e4 c5 14. e5 Nd7
15. dxc5 Naxc5 16. h4 h6 17. cxd5 exd5 18. Nf1 Nb6 19. Ne3 Be6 20. Nd4 Rac8 21.
b3 g6 22. f4 Kh8 23. f5 gxf5 24. Nexf5 Bxf5 25. Qxf5 Ne6 26. Rxc8 Rxc8 27. Qh5
Kh7 28. Rf1 Rc7 29. Rf6 Qxf6 30. exf6 Nxd4 31. Bxd5 Nxd5 32. Qxd5 Ne6 33. Qxa5
Kg6 34. Qe5 Rc1+ 35. Kh2 Rc2+ 36. Kh3 Rxa2 37. h5+ Kh7 38. Qe4+ Kg8 39. Qxb7
Ra5 40. Kh4 Rf5 41. Qc8+ Kh7 42. Qc2 1-0

[Event "23rd 4NCL Congress"]
[Site "South Normanton"]
[Date "2019.10.05"]
[Round "2.12"]
[White "Turner, Max N"]
[Black "Gogia, Armaan"]
[Result "1-0"]
[WhiteElo "2125"]
[BlackElo "1866"]
[PlyCount "51"]
[EventDate "2019.10.04"]

1. d4 Nf6 2. c4 g6 3. g3 Bg7 4. Bg2 O-O 5. Nf3 c6 6. Nc3 d6 7. O-O Qc7 8. e4 e5
9. h3 a5 10. Re1 Na6 11. Be3 Rd8 12. Qe2 b6 13. Rad1 Bd7 14. Rd2 Rab8 15. Red1
exd4 16. Bxd4 Be6 17. e5 Ne8 18. exd6 Rxd6 19. Ne4 Rdd8 20. Neg5 Qe7 21. Nxe6
Qxe6 22. Qxe6 fxe6 23. Bxg7 Rxd2 24. Rxd2 Nxg7 25. Ne5 c5 26. Nd7 1-0

[Event "23rd 4NCL Congress"]
[Site "South Normanton"]
[Date "2019.10.05"]
[Round "2.13"]
[White "Seymour, Timothy P"]
[Black "Leah, Tom"]
[Result "1-0"]
[WhiteElo "2100"]
[BlackElo "1841"]
[PlyCount "61"]
[EventDate "2019.10.04"]

1. c4 e5 2. e3 Nf6 3. Nc3 Nc6 4. Nf3 Bb4 5. Qc2 O-O 6. Nd5 Re8 7. Qf5 d6 8.
Nxf6+ Qxf6 9. Qxf6 gxf6 10. a3 Bc5 11. b4 Bb6 12. Bb2 a5 13. b5 Ne7 14. d4 c5
15. dxe5 dxe5 16. O-O-O Ng6 17. h4 e4 18. h5 exf3 19. hxg6 fxg6 20. Bxf6 Bg4
21. g3 Bd8 22. Bc3 Be7 23. Bd3 Bg5 24. a4 b6 25. Kb2 Re6 26. Bc2 h5 27. Rd5 Bf6
28. Rhd1 Bxc3+ 29. Kxc3 Rf6 30. Rd6 Raf8 31. Bxg6 1-0

[Event "23rd 4NCL Congress"]
[Site "South Normanton"]
[Date "2019.10.05"]
[Round "2.14"]
[White "Modi, Kishan J"]
[Black "Wynarczyk, Raymond"]
[Result "0-1"]
[WhiteElo "2004"]
[BlackElo "1794"]
[PlyCount "156"]
[EventDate "2019.10.04"]

1. e4 e5 2. Nf3 d6 3. d4 exd4 4. Nxd4 Nf6 5. Nc3 Be7 6. g3 d5 7. e5 Ng4 8. Bg2
c6 9. f4 O-O 10. h3 Nh6 11. O-O Bc5 12. Nce2 Nf5 13. c3 Re8 14. Kh2 f6 15. Qc2
Nxd4 16. cxd4 Bf8 17. Qb3 Qb6 18. Qf3 Bf5 19. exf6 gxf6 20. Qh5 Bg6 21. Qf3 Qb5
22. Nc3 Qd3 23. Qxd3 Bxd3 24. Rd1 Bc4 25. Bd2 Nd7 26. Re1 Bb4 27. b3 Bd3 28. g4
Kf7 29. Kg3 Rxe1 30. Rxe1 Re8 31. Rxe8 Kxe8 32. Kf2 a5 33. Ke3 Bc2 34. f5 b6
35. Ne2 Bf8 36. Nf4 Bb1 37. Nd3 Bxa2 38. Nc1 Bb1 39. Ke2 Bc2 40. Bf4 Ba3 41. h4
Bxc1 42. Bxc1 Bxb3 43. g5 Kf7 44. Bf3 Bc2 45. Bg4 c5 46. g6+ Kg7 47. dxc5 bxc5
48. h5 h6 49. Ba3 Ne5 50. Bh3 Bd3+ 51. Kd1 c4 52. Bb2 Nf3 53. Bg2 Be4 54. Ke2
Ng1+ 55. Kf2 Bxg2 56. Kxg1 Bf3 57. Kf2 Bxh5 58. Ke3 Bg4 59. Kf4 Bh5 60. Ke3 Bd1
61. Kf4 a4 62. Kg3 Bc2 63. Kf4 h5 64. Bc3 h4 65. Kg4 h3 66. Kxh3 Bxf5+ 67. Kg3
Kxg6 68. Kf4 Bd3 69. Bb2 Kf7 70. Ke3 Ke6 71. Kf4 f5 72. Ke3 Kd6 73. Bd4 Kc6 74.
Bb2 Kb5 75. Ba3 Be4 76. Bd6 c3 77. Ba3 Kc4 78. Bd6 Kb3 0-1

[Event "23rd 4NCL Congress"]
[Site "South Normanton"]
[Date "2019.10.05"]
[Round "2.15"]
[White "Sheppard, Derek A"]
[Black "Ther, Mate"]
[Result "0-1"]
[WhiteElo "1717"]
[BlackElo "2003"]
[PlyCount "66"]
[EventDate "2019.10.04"]

1. d4 Nf6 2. Bf4 e6 3. e3 c5 4. c3 b6 5. Nf3 Bb7 6. Nbd2 cxd4 7. exd4 Be7 8.
Bd3 d6 9. O-O O-O 10. Re1 Na6 11. Qc2 Nc7 12. Bg5 h6 13. Bh4 Rc8 14. Rad1 Ncd5
15. Bxf6 Bxf6 16. Be4 Be7 17. Qb1 Qd7 18. c4 Nf6 19. Bxb7 Qxb7 20. b3 d5 21.
Ne5 Bb4 22. Re3 Rfd8 23. Ndf3 Ne4 24. Rdd3 f6 25. Ng6 dxc4 26. bxc4 Rxc4 27.
Rb3 Bd2 28. Nxd2 Nxd2 29. Qe1 Nxb3 30. axb3 Rcxd4 31. Rxe6 Rd1 32. Re8+ Rxe8
33. Qxd1 Qe4 0-1